Dun & Bradstreet country report : Egypt.
| Corporate Author: | |
|---|---|
| Format: | Book |
| Published: |
High Wycombe:
Dun & Brdastreet,
1995.
|
| Subjects: |
| LEADER | 00488cam a2200169 7i4500 | ||
|---|---|---|---|
| 001 | 0000004111 | ||
| 005 | 19991025090000.0 | ||
| 002 | ##000005561 | ||
| 020 | 0 | 0 | |a T000004744 |
| 090 | 0 | 0 | |a EGPT 330.9 |b DUN |
| 110 | 1 | 0 | |a Dun & Bradstreet International |
| 245 | 0 | 0 | |a Dun & Bradstreet country report : |b Egypt. |
| 260 | 0 | 0 | |a High Wycombe: |b Dun & Brdastreet, |c 1995. |
| 300 | 0 | 0 | |a 58 p.. |
| 650 | 0 | 0 | |a Country risk -- |z Egypt |
| 651 | 0 | 0 | |a Egypt |
| 999 | |a 0000006728 |b Book |c Open shelf |e Business Information Centre | ||